Unterweisung von Schweissern im Arbeitssschutz

Salvato in:
Dettagli Bibliografici
Natura: Libro
Lingua:tedesco
Pubblicazione: Düsseldorf : DVS, 1992
Soggetti:
Tags: Aggiungi Tag
Nessun Tag, puoi essere il primo ad aggiungerne!!

MARC

LEADER 00000nam a22000003a 4500
001 stu44576
005 20150408180406.6
008 950505s1992----gw------------------ger-d
040 |a STU  |b slo 
041 0 |a ger 
044 |a gw 
080 |a 621.791 
245 |a Unterweisung von Schweissern im Arbeitssschutz 
260 |a Düsseldorf :  |b DVS,  |c 1992 
300 |a 144 s 
650 7 |a zváranie  |2 stusub 
650 7 |a výuka  |2 stusub 
996 |b 284M025739  |c M*9135/1-1  |l MMKN  |s A  |a 24  |w stu44576_0001